Eco-economy (Record no. 6264)

MARC details
000 -LEADER
fixed length control field 00412 a2200169 4500
001 - CONTROL NUMBER
control field 131866
003 - CONTROL NUMBER IDENTIFIER
control field OSt
005 - DATE AND TIME OF LATEST TRANSACTION
control field 20211005150331.0
008 - FIXED-LENGTH DATA ELEMENTS--GENERAL INFORMATION
fixed length control field
082 ## - DEWEY DECIMAL CLASSIFICATION NUMBER
Classification number 333.7
Item number B81E
100 1# - MAIN ENTRY--PERSONAL NAME
Personal name Brown, Lester R.
245 1# - TITLE STATEMENT
Title Eco-economy
Statement of responsibility, etc by Lester R. Brown
260 ## - PUBLICATION, DISTRIBUTION, ETC. (IMPRINT)
Place of publication, distribution, etc Hydrabad
Name of publisher, distributor, etc Orient Longman
Date of publication, distribution, etc 2004
300 ## - PHYSICAL DESCRIPTION
Extent 333p.
690 ## - LOCAL SUBJECT ADDED ENTRY--TOPICAL TERM (OCLC, RLIN)
Topical term or geographic name as entry element Environmental economics
942 ## - ADDED ENTRY ELEMENTS (KOHA)
Source of classification or shelving scheme Dewey Decimal Classification
Koha item type Books
Holdings
Withdrawn status Lost status Source of classification or shelving scheme Damaged status Not for loan Collection code Home library Current library Date acquired Source of acquisition Cost, normal purchase price Full call number Barcode Date last seen Price effective from Koha item type
    Dewey Decimal Classification     General Text Book Central University Of Rajasthan Central University Of Rajasthan 08/06/2012 ARC 465.00 333.7 B81E 8647 21/11/2024 02/09/2020 Books